Panorama 3 de la Langue Francaise

Λεπτομέρειες βιβλιογραφικής εγγραφής
Κύριος συγγραφέας: Girardet J. Jacky
Γλώσσα:Γαλλικά
Έκδοση: Paris, CLE International, 1997
Σειρά:Methode de francais
Θέματα:
Μορφή: Βιβλίο
KOHA link:https://koha.lib.tpu.ru/cgi-bin/koha/opac-detail.pl?biblionumber=11722

MARC

LEADER 00000nam0a2200000 4500
001 11722
005 20231101204805.0
010 |a 2090337346 
035 |a (RuTPU)RU\TPU\book\11795 
035 |a BOOK00011861 
090 |a 11722 
100 |a 20011209d1997 m y0frey50 ba 
101 0 |a fre 
102 |a FR 
105 |a y j 000zy 
200 1 |a Panorama 3 de la Langue Francaise  |f J. Girardet 
210 |a Paris  |c CLE International  |d 1997 
215 |a 240 p. 
225 1 |a Methode de francais 
606 1 |a Французский язык  |x Учебные руководства и пособия для вузов  |2 stltpush  |3 (RuTPU)RU\TPU\subj\16836  |9 42736 
610 1 |a лексика 
610 1 |a учебные пособия 
610 1 |a грамматика 
610 1 |a разговорная речь 
686 |a Ш147.11-923  |v LBC/SL-A  |2 rubbk 
700 1 |a Girardet  |b J.  |g Jacky 
801 0 |a RU  |b 63413507  |c 20011209  |g PSBO 
801 2 |a RU  |b 63413507  |c 20170616  |g PSBO 
942 |c BK